000 00648cam a22002413a 4500
999 _c16727
_d16727
001 15971047
003 NUST
005 20190328063422.0
008 960926s1963 xx 000 0 eng
010 _a 2009658339
020 _a0553213016
020 _a0521293677 (pbk.)
035 _acoe96001851
038 _aASAB
040 _cASAB
050 0 0 _aPN2093
_b.C64 1995 no. M260
082 _a822.3/3
100 _aShakespeare, William,
_911199
245 0 0 _aMuch ado about nothing.
_cby Shakespeare, William,
260 _cNew York :
_aCambridge [Cambridgeshire] ;
_b1988.
300 _axiv, 162 p. :
_bill. ;
_c24 cm.
942 _2ddc
_cFIC